Physiologie et hygiène des hommes livrés aux travaux de l'esprit ou Recherches sur le physique et le moral, les habitudes, les maladies ... / (Record no. 163377)

MARC details
000 -LEADER
campo de control de longitud fija 00878nam a2200205 i 4500
001 - NÚMERO DE CONTROL
campo de control 163377
003 - IDENTIFICADOR DE NÚMERO DE CONTROL
campo de control ES-MaACL
005 - FECHA Y HORA DE LA ÚLTIMA TRANSACCIÓN
campo de control 20250822035250.0
008 - DATOS DE LONGITUD FIJA--INFORMACIÓN GENERAL
campo de control de longitud fija 010521s1881 fr |||| | fre d
040 ## - FUENTE DE CATALOGACIÓN
Centro catalogador/agencia de origen CCPB | B
Lengua de catalogación spa
Centro/agencia transcriptor CCPB | B
100 1# - ENTRADA PRINCIPAL--NOMBRE DE PERSONA
Nombre de persona Révèillé-Parise, Joseph-Henri.
9 (RLIN) 141519
245 10 - MENCIÓN DEL TÍTULO
Título Physiologie et hygiène des hommes livrés aux travaux de l'esprit ou Recherches sur le physique et le moral, les habitudes, les maladies ... /
Mención de responsabilidad, etc. par J. H. Réveillé-Parise.
250 ## - MENCION DE EDICION
Mención de edición Éd. entièrement refondue et mise au courant des progrès de la science par Ed. Carrière.
260 ## - PUBLICACIÓN, DISTRIBUCIÓN, ETC.
Lugar de publicación, distribución, etc. Paris :
Nombre del editor, distribuidor, etc. Librairie J. B. Baillière et fils,
Fecha de publicación, distribución, etc. 1881 (
Fabricante Imprimerie Emile Martinet)
300 ## - DESCRIPCIÓN FÍSICA
Extensión 435 p. ;
Dimensiones 18 cm.
650 #7 - PUNTO DE ACCESO ADICIONAL DE MATERIA--TÉRMINO DE MATERIA
Término de materia o nombre geográfico como elemento de entrada Psicología social
Fuente del encabezamiento o término embne
9 (RLIN) 16573
700 1# - ENTRADA AGREGADA--NOMBRE PERSONAL
Nombre de persona Carrière, Ed.
9 (RLIN) 126358
852 ## - LOCALIZACIÓN
Ubicación ES-MaACL
Número de control de estantería G-15868
Nota libre -- Enc. hol.
Holdings
Estatus retirado Estado de pérdida Estado de daño No para préstamo Colección Biblioteca de origen Biblioteca actual Ubicación en estantería Fecha de adquisición Fuente de adquisición Total de préstamos Signatura topográfica completa Código de barras Visto por última vez Precio de reemplazo Tipo de ítem Koha
        Libros del s. XIX Biblioteca del Ateneo de Madrid Biblioteca del Ateneo de Madrid Sala Pecera Planta 3 17/01/2008     G-15868 1171204 23/02/2023 23/02/2023 Libro impreso antiguo